Unintended consequences of energy policy in Slovakia

Analýza intervencií a ich dôsledky na trhu elektrickej energie na Slovensko.

Guardado en:
Detalles Bibliográficos
Autor principal: Ďaďo, Jaroslav
Otros Autores: Sedliačik, Ivan
Formato: Capítulo de libro
Lenguaje:inglés
Materias:
Etiquetas: Agregar Etiqueta
Sin Etiquetas, Sea el primero en etiquetar este registro!

MARC

LEADER 00000naa a2200000 4500
001 0229844
005 20221019162532.3
041 0 |a eng 
044 |a SK 
245 1 0 |a Unintended consequences of energy policy in Slovakia  |c Jaroslav Ďaďo, Ivan Sedliačik 
520 |a Analýza intervencií a ich dôsledky na trhu elektrickej energie na Slovensko. 
610 2 0 |a politika energetická 
610 2 0 |a kontrola cenová 
610 2 0 |a Slovensko 
610 2 0 |a intervencie 
610 2 0 |a trh energetický 
100 1 |a Ďaďo, Jaroslav 
700 1 |a Sedliačik, Ivan